000 00706nam a22002057a 4500
999 _c175535
_d175535
005 20200908144147.0
010 _aENG-128391
020 _c550.00
_a9789353945947
035 _aEN-111923
037 _bDBAD/PUB
082 _a658.322
100 _aMartocchio, Joseph J.
245 _aStrategic Compensation: A Human Resource Management Approach/
_cby Joseph J. Martocchio
250 _a10th edition
260 _aNoida
_bPearson
_c2020
270 _a15th floor,Tower-B,Word Trade Tower,Plot no.1,Block-C sec 16,
_bNoida
_e201301
_k04466540100
_mcompanysecretary.india@pearson.com
300 _axxi;394p.
_c25cm(pbk)
_bIllustration,
500 _aHRM
942 _2ddc
_cEN
_h658.322
_mMAR